| 000 | 00800nam a22002297a 4500 | ||
|---|---|---|---|
| 999 |
_c7246 _d7246 |
||
| 003 | AR-CdUCM | ||
| 008 | 190320b ||||| |||| 00| 0 spa d | ||
| 020 | _a968-18-2431-8 | ||
| 040 |
_aMUNICIPALIDAD PROVINCIAL DEL CUSCO _cBIBLIOTECA MUNICIPAL DEL CUSCO |
||
| 082 |
_a658.401 / _bR93 |
||
| 100 |
_aRuiz Salazar, Antonio _920422 |
||
| 245 | _aSalud ocupacional y productividad / | ||
| 260 |
_aMéxico : _bLimusa, _c1987. |
||
| 300 |
_a255 páginas ; _c24 cm. |
||
| 440 |
_aNoriega Editores. _920423 |
||
| 505 | _aContenido: El trabajo -- Desarrollo y productividad -- La salud ocupacional -- La medicina del trabajo -- La seguridad industrial ... | ||
| 650 |
_aDesarrollo _92021 |
||
| 650 |
_aProductividad _98809 |
||
| 650 |
_aLa Administración _920424 |
||
| 942 |
_2ddc _cLIBROS |
||
| 945 | _aachl | ||